| 000 | 00699nam a22001577a 4500 | ||
|---|---|---|---|
| 005 | 2012021600430.0 | ||
| 020 | _c35.00 | ||
| 035 | _aA-465536 | ||
| 037 |
_aDPL _bENG |
||
| 100 |
_aGhosh,Ardhendu Sekhar _944408 |
||
| 245 |
_aSymbolism and Spiritual wisdom/ _cby Ardhendu Sekhar Ghosh |
||
| 260 |
_aMumbai _bBhartiya Vidya Bhavan _c1990 |
||
| 300 |
_a v,202p. _c22 cms. |
||
| 942 |
_2ddc _cEN _h230.46 _mGHO |
||
| 999 |
_c64460 _d64460 |
||